Normal view MARC view
  • Chomsky, Noam,

Entry Nombre Personal

Number of records used in: 4

001 - NUMERO DE CONTROL

  • campo de control: 27899

003 - IDENTIFICADOR DE NUMERO DE CONTROL

  • campo de control: UPN

005 - FECHA Y HORA DE LA ÜLTIMA TRANSACCIÓN

  • campo de control: 20220330131353.0

008 - DATOS DE LONGITUD FIJA

  • campo de control de longitud fija: a|ac|n|aab||||||||||||a |n|||||||

010 ## - NÚMERO DE CONTROL DE LA BIBLIOTECA DEL CONGRESO

  • Número de control LC: n 79104267
  • Número de Control LC Cancelado/inválido: n 79144679

016 ## - NÚMERO DE CONTROL DE UNA AGENCIA BIBLIOGRÁFICA NACIONAL

  • Número de control del registro: 0007E1205E

024 7# - OTROS IDENTIFICADORES NORMALIZADOS

  • Fuente: wikidata
  • Número normalizado o código: Q9049

024 7# - OTROS IDENTIFICADORES NORMALIZADOS

  • Fuente: isni
  • Número normalizado o código: 0000000381493996

035 ## - NUMERO DE CONTROL

  • Número de control: (OCoLC)oca00336301

040 ## - FUENTE DE CATALOGACIÓN

  • Lenguaje de catalogación: spa
  • Agencia de transcripción: DLC
  • Agencia original de catalogación: DLC
  • Agencia que lo modifica: DLC
  • Agencia que lo modifica: DLC-R
  • Agencia que lo modifica: DLC
  • Agencia que lo modifica: NjP
  • Agencia que lo modifica: DLC
  • Agencia que lo modifica: MoSpS-AV
  • Agencia que lo modifica: DLC
  • Agencia que lo modifica: InU
  • Agencia que lo modifica: DLC
  • Agencia que lo modifica: InU
  • Agencia que lo modifica: CFCPL
  • Agencia que lo modifica: OCoLC
  • Agencia que lo modifica: IEN
  • Agencia que lo modifica: Uk
  • Agencia que lo modifica: DGU-L
  • Agencia que lo modifica: CaOONL
  • Agencia que lo modifica: CLU
  • Agencia que lo modifica: MX-MxUPN
  • Description conventions: rda

046 ## - FECHAS CON CODIFICACIÓN ESPECIAL

  • Fuente del formato de fecha: edtf
  • Fecha de nacimiento: 1928-12-07

100 1# - ENCABEZAMIENTO - NOMBRE PERSONAL

  • Nombre personal: Chomsky, Noam,
  • Fechas asociadas con el nombre: 1928-

372 ## - CAMPO DE ACTIVIDAD

  • Fuente del término: lcsh
  • Field of activity: Lingüística

373 ## - GRUPO ASOCIADO

  • Fuente del término: naf
  • Associated group: Massachusetts Institute of Technology. Department of Linguistics and Philosophy

374 ## - OCUPACIÓN

  • Fuente del término: lcsh
  • Occupation: Lingüista
  • Occupation: Filósofo
  • Occupation: Profesor universitario

375 ## - GÉNERO

  • Gender: masculino

377 ## - LENGUA ASOCIADA

  • Language code: eng

400 1# - VEÁSE - NOMBRE DE PERSONA

  • Personal name: Chomsky, Noam Abraham,
  • Dates associated with a name: 1928-

400 1# - VEÁSE - NOMBRE DE PERSONA

  • Personal name: Chomsky, Avram Noam,
  • Dates associated with a name: 1928-

670 ## - FUENTE EN LA QUE SE LOCALIZARON DATOS

  • Cita de la fuente: LC

670 ## - FUENTE EN LA QUE SE LOCALIZARON DATOS

  • Cita de la fuente: Syntactic structures, 1957.

670 ## - FUENTE EN LA QUE SE LOCALIZARON DATOS

  • Cita de la fuente: La quinta libertad, 1987:
  • Información localizada: portada (Noham A. Chomski)

670 ## - FUENTE EN LA QUE SE LOCALIZARON DATOS

  • Cita de la fuente: Tanaka, K. Chomusukī, 1990:
  • Información localizada: página 205, etc. (Chomsky, N.; b. 1928; prof., MIT)

670 ## - FUENTE EN LA QUE SE LOCALIZARON DATOS

  • Cita de la fuente: Han, L.H. Chʻiao-mu-ssu-chi, 1996:
  • Información localizada: colofón (Chumsky i.e. Chomsky, Noam)

670 ## - FUENTE EN LA QUE SE LOCALIZARON DATOS

  • Cita de la fuente: The common good, 1998:
  • Información localizada: CIP portada (Noam Chomsky) ficha de datos (b. Dec. 7, 1928)

670 ## - FUENTE EN LA QUE SE LOCALIZARON DATOS

  • Cita de la fuente: Language & mind [VR] c1997:
  • Información localizada: opening credits (Into the Classroom Media presents Noam Chomsky; lecture) container (Noam Chomsky, Professor, Massachusetts Institute of Technology, Dept. of Linguistics and Philosophy)

670 ## - FUENTE EN LA QUE SE LOCALIZARON DATOS

  • Cita de la fuente: Biog. resource center (Contemp. authors), July 1, 2005
  • Información localizada: ((Avram) Noam Chomsky; n. Dec. 7, 1928, Philadelphia, Pa.; University of Pennsylvania, Ph.D., 1955; Massachusetts Institute of Technology, Institute Professor, 1976- )

670 ## - FUENTE EN LA QUE SE LOCALIZARON DATOS

  • Cita de la fuente: Aspekty teorii sintaksisa, 1972:
  • Información localizada: portada (N. Khomskiĭ)

670 ## - FUENTE EN LA QUE SE LOCALIZARON DATOS

  • Cita de la fuente: Info. converted from 678, 2012-10-02
  • Información localizada: (n. 1928)

670 ## - FUENTE EN LA QUE SE LOCALIZARON DATOS

  • Cita de la fuente: Global discontents, 2017:
  • Información localizada: ECIP title page (Noam Chomsky)

680 ## - NOTA PUBLICA DE ACCESO PÚBLICO

  • Frase explicativa de la referencia: Lingüísta, filósofo y activista estadounidense

700 ## - ASIENTO LIGADO AL ENCABEZAMIENTO - NOMBRE PERSONAL

  • Número de control del registro de autoridad o número normalizado: (CaOONL)ncf10131490
  • Personal name: Chomsky, Noam

902 ## - CATALOGADOR

  • Catalogador: MMA/060906

902 ## - CATALOGADOR

  • Catalogador: NDAF/220330